Staphylococcus sp. pôvodca infekcií

Na minha lista:
Detalhes bibliográficos
Autor principal: Čviriková, Vladimíra (Author)
Outros Autores: Olejníková, Petra (Thesis advisor)
Formato: Manuscrito Livro
Idioma:eslovaco
Publicado em: 2020
Assuntos:
Acesso em linha:http://is.stuba.sk/zp/portal_zp.pl?podrobnosti=144906
Tags: Adicionar Tag
Sem tags, seja o primeiro a adicionar uma tag!

MARC

LEADER 00000ntm a22000003a 4500
001 stuzp79594
003 SK-STU
005 20200718211539.6
007 ta
008 150427s2015----xo-----f-mn---000-0-slo-d
040 |a STU  |b slo 
041 0 |a slo 
100 1 |a Čviriková, Vladimíra  |u 043000  |4 aut  |U FCHPT Fakulta chemickej a potravinárskej technológie  |T FCHPT Ústav biochémie a mikrobiológie  |X 93453  |U C3000  |Y 101  |7 93453 
242 0 1 |a Staphylococcus sp. and infections  |y eng 
245 1 0 |a Staphylococcus sp. pôvodca infekcií 
260 |c 2020 
650 4 |a Staphylococcus aureus  |2 slo 
650 4 |a mecA  |2 slo 
650 4 |a PCR  |2 slo 
650 4 |a antibiotická rezistencia  |2 slo 
650 4 |a Staphylococcus aureus  |2 eng 
650 4 |a antibiotic resistance  |2 eng 
650 4 |a mecA gene  |2 eng 
650 4 |a PCR reaction  |2 eng 
700 1 |a Olejníková, Petra  |u 043000  |k Z1  |4 ths  |U FCHPT Fakulta chemickej a potravinárskej technológie  |T FCHPT Ústav biochémie a mikrobiológie  |X 3976  |U C3000  |Y 101  |7 A000003976 
856 4 |u http://is.stuba.sk/zp/portal_zp.pl?podrobnosti=144906